| 000 | 00548nam a2200181Ia 4500 | ||
|---|---|---|---|
| 999 |
_c14099 _d14099 |
||
| 003 | OSt | ||
| 005 | 20201021095513.0 | ||
| 008 | 190216s9999||||xx |||||||||||||| ||und|| | ||
| 020 | _a8172242786 | ||
| 040 | _coclc | ||
| 082 |
_a891.4415 _bTAG/F |
||
| 100 | 1 |
_aTagore, Rabindranath _d1861-1941 _938 |
|
| 245 | 0 |
_aFarewell, My Friend And The Garden / _cRabindranath Tagore |
|
| 260 |
_bJaico Publishing House , _c1996. _aNew Delhi: |
||
| 300 | _a163p | ||
| 650 | _aNovel | ||
| 942 |
_cBK _2ddc _h891.4415 _iTAG/F _k891.4415 _mTAG/F |
||